[Event "Mipap Cup"]
[Site "Olomouc"]
[Date "1999.08.14"]
[Round "9"]
[White "Held, Markus"]
[Black "Sejkora, Vlastimil"]
[Result "0-1"]
[WhiteElo "2195"]
[BlackElo "2286"]

1.d4 Nf6 2.c4 g6 3.Nc3 Bg7 4.e4 d6 5.Be2 O-O 6.Nf3 Nbd7 7.O-O e5 8.Re1 Re8
9.d5 Nc5 10.Qc2 a5 11.b3 Nh5 12.g3 Rf8 13.Nd2 Nf6 14.a3 Ng4 15.Rb1 Nh6 16.b4 Na6
17.bxa5 Nc5 18.Nb3 Nxb3 19.Rxb3 Rxa5 20.Bd2 b6 21.Nb5 Ra8 22.f3 f5 23.Rf1 Nf7
24.Qc1 Bf6 25.Kh1 Bd7 26.Qd1 Bg5 27.Be1 Kg7 28.g4 fxe4 29.fxe4 Bf4 30.h4 h6
31.Qa1 g5 32.Kg2 Qc8 33.Qd1 gxh4 34.Bxh4 Nh8 35.Rh1 Ng6 36.Bg3 Qd8 37.Bxf4 Rxf4
38.Re3 Qf6 39.Nxc7 Rf8 40.Qe1 Bxg4 41.Rf1 Bxe2 42.Qxe2 Rxf1 43.Ne6+ Kg8 44.Nxf8 Nh4+
45.Kh3 Rh1+  0-1

[Event "Vlissingen HZ op"]
[Site "Vlissingen"]
[Date "1999.08.15"]
[Round "7"]
[White "Chuchelov, Vladimir"]
[Black "De Jong, Migchiel"]
[Result "1-0"]
[WhiteElo "2533"]
[BlackElo "2317"]

1.Nf3 Nf6 2.c4 g6 3.Nc3 Bg7 4.e4 d6 5.d4 O-O 6.Be2 Na6 7.O-O e5 8.Be3 Ng4
9.Bg5 Qe8 10.dxe5 h6 11.Bc1 dxe5 12.h3 Nf6 13.Be3 Qe7 14.Nd5 Qd8 15.Qc1 Nxe4
16.Rd1 Qe8 17.Bxh6 c6 18.Bxg7 Kxg7 19.Ne3 Qe7 20.a3 Nac5 21.Qc2 Ng5 22.Qc3 Nxf3+
23.Bxf3 f6 24.Re1 Qf7 25.b4 Ne6 26.Nc2 Nf4 27.h4 Rd8 28.Rad1 Rxd1 29.Bxd1 Bd7
30.g3 Ne6 31.Bf3 Re8 32.Rd1 Nc7 33.Qe3 b6 34.Qd2 Re7 35.h5  1-0

[Event "Polanica Zdroj op"]
[Site "Polanica Zdroj"]
[Date "1999.08.18"]
[Round "2"]
[White "Krivoshey, Sergei"]
[Black "Pihlajasalo, Hannu"]
[Result "1/2-1/2"]
[WhiteElo "2454"]
[BlackElo "2253"]

1.d4 Nf6 2.c4 g6 3.Nc3 Bg7 4.e4 d6 5.Be2 O-O 6.Nf3 e5 7.O-O exd4 8.Nxd4 Re8
9.f3 Nc6 10.Be3 Nh5 11.Qd2 f5 12.Nxc6 bxc6 13.c5 Qe7 14.cxd6 cxd6 15.Bd4 Nf6
16.Bc4+ Be6 17.Bxe6+ Qxe6 18.exf5 Qxf5 19.Rae1 d5 20.Na4 Qd7 21.Nc5 Qf7 22.Qc3 Nh5
23.Nd3 Bxd4+ 24.Qxd4 Rxe1 25.Rxe1 Re8 26.Rxe8+ Qxe8 27.g4 Ng7 28.Qxa7 Qe2
29.Qb8+ Ne8 30.Nf2 Kf8 31.Kg2 Ke7 32.Qb7+ Kd6 33.a4 h5 34.gxh5 gxh5 35.a5 Nc7
36.Qb4+ c5 37.Qb6+ Kd7 38.Qxc5 Qxb2 39.a6 Qg7+ 40.Kh3 Qf6 41.Qe3 Nxa6 42.Nd3 Nc7
43.Ne5+ Kd6 44.f4 Ne6 45.Qa3+ Kc7 46.Qa7+ Kd6 47.Qb8+ Ke7 48.Qb4+ Ke8 49.Qa4+ Ke7  1/2-1/2

[Event "FRA-ch qual"]
[Site "Bescanon"]
[Date "1999.08.20"]
[Round "3"]
[White "Sellos, Didier"]
[Black "Libiszewski, Fabien"]
[Result "1/2-1/2"]
[WhiteElo "2372"]
[BlackElo "2250"]

1.d4 Nf6 2.c4 g6 3.Nc3 Bg7 4.e4 d6 5.Nf3 O-O 6.Be2 e5 7.Be3 h6 8.dxe5 Ng4
9.Bf4 Nxe5 10.Qd2 Kh7 11.Rd1 Nbc6 12.O-O Be6 13.b3 Nxf3+ 14.Bxf3 Nd4 15.Be2 Qf6
16.Rc1 Nxe2+ 17.Nxe2 Qh4 18.Ng3 Be5 19.Be3 f5 20.f4 Bg7 21.Bd4 fxe4 22.Bxg7 Kxg7
23.Nxe4 Bf5 24.Qd4+ Kh7 25.g3 Qe7 26.Rfe1 Qg7 27.Qxg7+ Kxg7 28.Nc3 Rf7 29.Re3 Bh3
30.Rce1 Raf8 31.Re7 g5 32.Nb5 gxf4 33.Nxc7 fxg3 34.hxg3 Kg6 35.Nd5 Rf1+ 36.Kh2 Rxe1
37.Rxe1 Bg4 38.Nf4+ Kf7 39.Kg2 Rc8 40.Nd5 Be6 41.Rf1+ Kg7 42.Nc3 a6 43.Rd1 b5
44.Rxd6 bxc4 45.Rxe6 cxb3 46.Ne2 Re8 47.Nf4 Rxe6 48.Nxe6+ Kf7 49.Nd8+ Ke8
50.axb3 Kxd8 51.Kf3 Ke7 52.Kg4 Kf6 53.Kh5 Kg7 54.b4 Kh7  1/2-1/2

[Event "FRA-ch G1"]
[Site "Bescanon"]
[Date "1999.08.20"]
[Round "5"]
[White "Benitah, Yohan"]
[Black "Apicella, Manuel"]
[Result "0-1"]
[WhiteElo "2381"]
[BlackElo "2501"]

1.d4 Nf6 2.c4 g6 3.Nc3 Bg7 4.e4 d6 5.Nf3 O-O 6.Be2 Na6 7.O-O e5 8.Re1 c6
9.Rb1 Re8 10.dxe5 dxe5 11.b4 Qe7 12.Qb3 Bg4 13.Be3 Nh5 14.Nd2 Bxe2 15.Nxe2 Nc7
16.c5 Ne6 17.Nc4 Red8 18.Rbd1 Nhf4 19.Nd6 b5 20.g3 Nh5 21.a4 a6 22.Ra1 Qf6
23.axb5 axb5 24.Kg2 Nef4+ 25.gxf4 Nxf4+ 26.Nxf4 exf4 27.Rxa8 Rxa8 28.Bxf4 Qxf4
29.Re3 Ra7 30.Rf3 Qg4+ 31.Rg3 Qe6 32.Qxe6 fxe6 33.Nc8 Rc7 34.Nb6 Kf7 35.Rh3 h5
36.Rf3+ Ke7 37.Rg3 Kf6 38.f4 Bh6 39.Rf3 Ra7 40.Rf2 e5 41.Nc8 Ra6 42.fxe5+ Kxe5
43.Ne7 Kxe4 44.Nxg6 Ra4 45.Re2+ Be3 46.Rb2 Ra7 47.Kh3 Bg5 48.Re2+ Kd4 49.Re5 Ra3+
50.Kg2 Ra2+ 51.Kf3 Ra3+ 52.Kg2 Bd2 53.Rxh5 Bxb4 54.Nf4 Re3 55.Kf2 Be1+ 56.Kg2 b4
57.Rh7 b3 58.Rd7+ Kc3 59.Rb7 b2 60.Kg1 Re4 61.Nd3 Kxd3 62.Rxb2 Bb4  0-1

[Event "ESP-ch"]
[Site "Palencia"]
[Date "1999.08.20"]
[Round "2"]
[White "Franco Ocampos, F."]
[Black "Baches Garcia, Guillermo"]
[Result "1-0"]
[WhiteElo "2474"]
[BlackElo "2285"]

1.Nf3 Nf6 2.c4 g6 3.Nc3 Bg7 4.e4 d6 5.d4 O-O 6.Be2 e5 7.d5 a5 8.Bg5 Na6 9.Nd2 Qe8
10.O-O Kh8 11.a3 Bd7 12.b3 Ng8 13.Rb1 f5 14.f3 f4 15.Bh4 g5 16.Bf2 h5 17.b4 Qg6
18.c5 g4 19.c6 bxc6 20.dxc6 Bc8 21.Nd5 Nf6 22.Ne7 Qf7 23.Nxc8 Rfxc8 24.fxg4 hxg4
25.Bxg4 Rcb8 26.b5 Nc5 27.Bf5 Ne6 28.Nf3 Bh6 29.b6  1-0

[Event "ESP-ch"]
[Site "Palencia"]
[Date "1999.08.20"]
[Round "2"]
[White "Planas, Juan"]
[Black "Paramos Dominguez, Roberto"]
[Result "0-1"]
[WhiteElo "2248"]
[BlackElo "2425"]

1.d4 Nf6 2.c4 g6 3.Nc3 Bg7 4.e4 d6 5.Nf3 O-O 6.Be2 e5 7.dxe5 dxe5 8.Qxd8 Rxd8
9.Bg5 Re8 10.Nd5 Nxd5 11.cxd5 c6 12.Bc4 cxd5 13.Bxd5 Na6 14.O-O Nc7 15.Bb3 Be6
16.Rfc1 Rec8 17.Rc2 Bxb3 18.axb3 Nb5 19.Rac1 Rxc2 20.Rxc2 f6 21.Be3 Kf7 22.Nd2 Rd8
23.Kf1 Bf8 24.Ke2 Bh6 25.Rc5 Nd4+ 26.Ke1 Bf8 27.Rc7+ Ke6 28.Bxd4 Rxd4 29.Ke2 Bb4
30.Nf3 Rxe4+ 31.Kd1 h5 32.Rxb7 a5 33.g3 g5 34.Rb6+ Kf7 35.Rb7+ Kg6 36.Rd7 Kf5
37.Rh7 Kg4  0-1

[Event "ESP-ch"]
[Site "Palencia"]
[Date "1999.08.20"]
[Round "2"]
[White "Narciso Dublan, Marc"]
[Black "Castany Pampalona, Luis Maria"]
[Result "1-0"]
[WhiteElo "2447"]
[BlackElo "2215"]

1.c4 Nf6 2.Nc3 g6 3.e4 d6 4.d4 Bg7 5.Be2 O-O 6.Nf3 e5 7.O-O Nbd7 8.Re1 h6
9.Rb1 a5 10.b3 Re8 11.Bf1 Nh5 12.g3 Nf8 13.Be3 Bg4 14.Be2 Ne6 15.d5 Ng5 16.Nxg5 Bxe2
17.Qxe2 hxg5 18.c5 Bh6 19.cxd6 cxd6 20.Na4 Ng7 21.g4 f5 22.f3 Qf6 23.Nb6 Rad8
24.Rbc1 Re7 25.Nc4 Ra8 26.a4 Rf7 27.Rf1 Ne8 28.Bb6 Qe7 29.Bxa5 b5 30.axb5 Rxa5
31.Nxa5 Qa7+ 32.Kg2 Qxa5 33.Rc8 Kf8 34.exf5 gxf5 35.gxf5 Bg7 36.Qc4 Rc7 37.Qxc7  1-0

[Event "Polanica Zdroj op"]
[Site "Polanica Zdroj"]
[Date "1999.08.20"]
[Round "4"]
[White "Sulskis, Sarunas"]
[Black "Rudolf, Henrik"]
[Result "1-0"]
[WhiteElo "2521"]
[BlackElo "2344"]

1.c4 g6 2.d4 Bg7 3.Nc3 d6 4.e4 Nf6 5.Nf3 O-O 6.Be2 e5 7.dxe5 dxe5 8.Qxd8 Rxd8
9.Bg5 Re8 10.Nd5 Nxd5 11.cxd5 c6 12.Bc4 cxd5 13.Bxd5 Nd7 14.Nd2 h6 15.Be3 Nf6
16.Bb3 Ng4 17.Bc5 Bf8 18.Rc1 Be6 19.Ke2 Bxb3 20.Nxb3 b6 21.Bxf8 Kxf8 22.Rc6 Rec8
23.Rhc1 Rxc6 24.Rxc6 Ke7 25.Rc7+ Ke6 26.Nd2 Nf6 27.Rc6+ Ke7 28.f3 Ne8 29.Nc4 f6
30.Ne3 Kd7 31.Rc3 Rc8 32.Ra3 Rc7 33.Nd5 Rc2+ 34.Kd3 Rxb2 35.Rxa7+ Kc6 36.a4 Rb3+
37.Kc2 Ra3 38.Kb2  1-0

[Event "Abu Dhabi Masters op"]
[Site "Abu Dhabi"]
[Date "1999.08.21"]
[Round "1"]
[White "Ali, Abdulkhaleq"]
[Black "Guliev, Logman"]
[Result "0-1"]
[WhiteElo "2092"]
[BlackElo "2425"]

1.d4 Nf6 2.c4 g6 3.Nc3 Bg7 4.e4 d6 5.Nf3 O-O 6.Be2 Na6 7.O-O e5 8.Be3 exd4
9.Nxd4 Re8 10.f3 Nc5 11.Nd5 c6 12.Nxf6+ Qxf6 13.Qd2 Qe7 14.Nb3 Be6 15.Rad1 Nxb3
16.axb3 d5 17.Bg5 Qc7 18.Kh1 dxe4 19.fxe4 Qe5 20.Bf3 Qxb2 21.Qxb2 Bxb2 22.Rf2 Be5
23.Rfd2 f6 24.Be3 a5 25.Bb6 a4 26.bxa4 Rxa4 27.c5 Rea8 28.g3 Bh3 29.Kg1 Ra1
30.Rxa1 Rxa1+ 31.Kf2 Be6 32.Be2 Ra4 33.Ke3 Kf7 34.Rd8 Ra3+ 35.Kf2 h5 36.Rd3 Ra1
37.Rd1 Ra2 38.Ke3 Rxe2+ 39.Kxe2 Bg4+ 40.Kd2 Bxd1 41.Kxd1 h4  0-1

[Event "Abu Dhabi Masters op"]
[Site "Abu Dhabi"]
[Date "1999.08.21"]
[Round "1"]
[White "Mirza, Shahzad"]
[Black "Irzhanov, Ruslan"]
[Result "1/2-1/2"]
[WhiteElo "2290"]
[BlackElo "2536"]

1.d4 Nf6 2.c4 d6 3.Nc3 g6 4.e4 Bg7 5.Nf3 O-O 6.Be2 e5 7.dxe5 dxe5 8.Qxd8 Rxd8
9.Bg5 Re8 10.Nd5 Nxd5 11.cxd5 c6 12.dxc6 Nxc6 13.Bb5 Be6 14.Bxc6 bxc6 15.O-O f5
16.Nd2 h6 17.Be3 Red8 18.Rfd1 Rd3 19.Nb3 fxe4 20.Nc5 Rxd1+ 21.Rxd1 Bd5 22.b3 Rb8
23.Na4 a5 24.Bb6 Ra8 25.Nc3 Bf8 26.g3 Be6 27.Rd8 Rxd8 28.Bxd8 Bb4 29.Nxe4 c5
30.Nd6 a4 31.Nc4 e4 32.Kf1 axb3 33.axb3 Bc3 34.Bb6 Bd4 35.Ke2 Bg4+ 36.Ke1 Bc3+
37.Kf1 Bd1 38.Bxc5 Bxb3 39.Ne3 Kf7 40.h4 h5 41.Ng2 Bc4+ 42.Kg1 Ke6 43.Be3 Kf5
44.Ba7 Be2 45.Ne3+ Ke6 46.Bb8 Bd4 47.Bf4 Bxe3 48.Bxe3  1/2-1/2

[Event "Abu Dhabi Masters op"]
[Site "Abu Dhabi"]
[Date "1999.08.21"]
[Round "1"]
[White "Khalid, Al Shaali"]
[Black "Safin, Shukhrat"]
[Result "0-1"]
[WhiteElo "2211"]
[BlackElo "2494"]

1.d4 Nf6 2.c4 g6 3.Nc3 Bg7 4.e4 d6 5.Be2 O-O 6.Nf3 Na6 7.O-O e5 8.Re1 Qe8
9.Bf1 Bg4 10.d5 Nb4 11.Be2 a5 12.a3 Na6 13.Be3 Bd7 14.Nd2 a4 15.b4 axb3 16.Nxb3 Ba4
17.Nxa4 Qxa4 18.f3 Nd7 19.Qd3 b6 20.Reb1 f5 21.Bd1 fxe4 22.fxe4 Nac5 23.Bxc5 Nxc5
24.Nxc5 Qa5 25.Bf3 Qxc5+ 26.Kh1 Bh6 27.a4 Bf4 28.Bg4 Be3 29.Bd7 Rf2 30.Re1 Bd4
31.Rab1 Raf8 32.h3 Bb2 33.Be6+ Kg7 34.Red1 Qa5 35.Rf1 Qc3 36.Rfd1 Qxd3 37.Rxd3 h5
38.Rg3 Kh6  0-1

[Event "Ikaros op"]
[Site "Ikaros"]
[Date "1999.08.21"]
[Round "8"]
[White "Gesos, Pavlos"]
[Black "Managadze, Nikoloz"]
[Result "0-1"]
[WhiteElo "2369"]
[BlackElo "2437"]

1.d4 Nf6 2.Nf3 g6 3.c4 Bg7 4.Nc3 O-O 5.e4 d6 6.Be2 Nbd7 7.O-O e5 8.Re1 c6
9.Bf1 Qc7 10.d5 c5 11.a3 Ne8 12.b4 h6 13.Nd2 f5 14.Nb3 b6 15.Bd2 Ndf6 16.Ra2 Qf7
17.f3 f4 18.Nb5 g5 19.a4 a6 20.Na3 cxb4 21.Bxb4 a5 22.Bc3 g4 23.Nd2 Qg6 24.Rb2 gxf3
25.Qxf3 Nd7 26.Reb1 Rf7 27.Bd3 Bf8 28.Qf2 Nef6 29.Rxb6 Ng4 30.Qf3 Nxb6 31.Rxb6 Ne3
32.c5 Bg4  0-1

[Event "Pyramiden Franken Cup"]
[Site "Fuerth"]
[Date "1999.08.22"]
[Round "2"]
[White "Reis, Gerhard"]
[Black "Prusikin, Mikhajlo"]
[Result "0-1"]
[WhiteElo "2245"]
[BlackElo "2441"]

1.Nf3 Nf6 2.c4 g6 3.Nc3 Bg7 4.e4 d6 5.d4 O-O 6.Be2 Nbd7 7.O-O e5 8.Re1 c6
9.Bf1 exd4 10.Nxd4 Re8 11.Nc2 Ne5 12.Bg5 h6 13.Bh4 g5 14.Bg3 Bg4 15.f3 Be6
16.c5 Nh5 17.Qxd6 Qxd6 18.cxd6 Nxg3 19.hxg3 Ng6 20.Ne3 Be5 21.Nf5 h5 22.Rad1 Rad8
23.Re2 Rd7 24.Red2 Red8 25.Be2 Nf8 26.Kf2 Nh7 27.Bd3 Nf6 28.Bb1 Ne8 29.Rd3 Nxd6
30.Nxd6 Rxd6 31.Rxd6 Rxd6 32.Rxd6 Bxd6 33.b3 f6 34.Bd3 b5 35.Bc2 Kf7 36.Nd1 Ke7
37.Ne3 Bc5 38.Ke2 Kd6 39.Nf5+ Ke5 40.Ng7 Bf7 41.Nf5 a5 42.Kd3 a4 43.Bd1 a3
44.Ng7 Kd6 45.Nf5+ Kd7 46.Nh6 Bg6 47.Ke2 Bd6 48.Nf5 c5 49.Bc2 Bf7 50.Ne3 Bxg3
51.Nd5 Be5 52.Bd3 Kc6 53.Ne7+ Kb6 54.Nd5+ Ka5 55.b4+ cxb4 56.Bc2 f5 57.Bb3 fxe4
58.fxe4 g4  0-1

[Event "London MSO Masters"]
[Site "London"]
[Date "1999.08.22"]
[Round "2"]
[White "Summerscale, Aaron"]
[Black "Gallagher, Joseph G"]
[Result "1/2-1/2"]
[WhiteElo "2423"]
[BlackElo "2521"]

1.d4 Nf6 2.c4 g6 3.Nc3 Bg7 4.e4 d6 5.Nf3 O-O 6.Be2 e5 7.O-O Na6 8.Bg5 h6
9.Bh4 exd4 10.Nxd4 Nc5 11.f3 c6 12.Kh1 a5 13.Re1 a4 14.Bf2 Nh5 15.Qd2 Qf6
16.Rad1  1/2-1/2

[Event "ESP-ch"]
[Site "Palencia"]
[Date "1999.08.22"]
[Round "4"]
[White "Oms Pallise, Josep"]
[Black "Comas Fabrego, Luis"]
[Result "0-1"]
[WhiteElo "2412"]
[BlackElo "2510"]

1.d4 Nf6 2.c4 d6 3.Nc3 Nbd7 4.Nf3 g6 5.e4 e5 6.Be2 Bg7 7.O-O O-O 8.Be3 a5
9.Qc2 exd4 10.Nxd4 c6 11.Rad1 Qe7 12.Rfe1 Nc5 13.Bg5 h6 14.Bh4 a4 15.Bf1 Qc7
16.f3 Ne8 17.Qd2 Kh7 18.Kh1 Qb6 19.Nde2 Qb4 20.a3 Qa5 21.Nd4 Qc7 22.Bg3 Be5
23.f4 Bg7 24.h3 Qb6 25.Bf2 Qa5 26.Qc2 Kg8 27.f5 Kh7 28.Nf3 Nd7 29.e5 Nxe5
30.Nxe5 Bxe5 31.Bd3 Bxf5 32.Bxf5 Bxc3 33.bxc3 Qxf5 34.Qxf5 gxf5 35.Bh4 Ra5
36.Rb1 Rc5 37.Rb4 b5 38.Re7 Ng7 39.Bf2 Rxc4 40.Rxc4 bxc4 41.Ra7 Ne6 42.Rxa4 d5
43.Ra6 Rc8 44.a4 Ng5  0-1

[Event "Abu Dhabi Masters op"]
[Site "Abu Dhabi"]
[Date "1999.08.23"]
[Round "3"]
[White "Abbasov, Farid"]
[Black "Guliev, Logman"]
[Result "1/2-1/2"]
[WhiteElo "2290"]
[BlackElo "2425"]

1.Nf3 Nf6 2.c4 g6 3.Nc3 Bg7 4.e4 d6 5.d4 O-O 6.Be2 Nbd7 7.O-O e5 8.Be3 Re8
9.d5 Ng4 10.Bg5 f6 11.Bd2 Nh6 12.b4 Nf7 13.Ne1 f5 14.Rc1 Nf6 15.exf5 gxf5
16.f4 a5 17.a3 axb4 18.axb4 Bd7 19.c5 exf4 20.Nd3 Ne4 21.Nxe4 Rxe4 22.Nxf4 dxc5
23.Bd3 Rd4 24.Bc3 c4 25.Bxd4 Bxd4+ 26.Kh1 cxd3 27.Qxd3 Be5 28.h3 Qh4 29.Ne6 Qe4
30.Qxe4 fxe4 31.Rfe1 c6 32.Nc5 Bf5 33.dxc6 bxc6 34.Nxe4 Ra4 35.Ng5 Bf6 36.Nxf7 Kxf7
37.Rxc6 Rxb4 38.Rf1 Be6 39.Rc7+ Kg6 40.Rxh7  1/2-1/2

[Event "BIH-chT"]
[Site "Bihac"]
[Date "1999.08.25"]
[Round "5"]
[White "Sokolov, Ivan"]
[Black "Jakubovic, Nedzad"]
[Result "1-0"]
[WhiteElo "2656"]
[BlackElo "2350"]

1.d4 Nf6 2.c4 g6 3.Nc3 Bg7 4.e4 d6 5.Nf3 O-O 6.Be2 e5 7.d5 a5 8.Bg5 h6 9.Bh4 Qe8
10.Nd2 Nh7 11.a3 Bd7 12.b4 h5 13.f3 Bh6 14.Bf2 Qe7 15.Nb3 a4 16.Nd2 f5 17.c5 Nf6
18.Bd3 Na6 19.c6 bxc6 20.dxc6 Bxc6 21.b5 fxe4 22.Ndxe4 Bxe4 23.Nxe4 Nc5 24.Nxc5 dxc5
25.O-O e4 26.Bxe4 Nxe4 27.Qd5+ Kh8 28.Rae1 Rad8 29.Qxe4 Qxe4 30.Rxe4 Rb8
31.Rb1 Rf6 32.Bxc5 Rf5 33.Bd4+ Bg7 34.Bxg7+ Kxg7 35.Re7+ Rf7 36.Rxf7+ Kxf7
37.Rc1 Rxb5 38.Rxc7+ Kf6 39.Rc4 Rb1+ 40.Kf2 Rb2+ 41.Kg3 Ra2 42.Rxa4 Kf5 43.Ra5+ Kf6
44.a4 Ke6 45.Ra7 Kf6 46.a5 Ke6 47.a6 Kf6 48.Ra8 Kg7 49.f4 Kh7 50.Kf3 Ra3+
51.Ke4 Ra2 52.a7 Kg7 53.g3 Ra4+ 54.Kd5 Ra1 55.h3 Rd1+ 56.Kc4 Rc1+ 57.Kb3 Ra1
58.g4 hxg4 59.hxg4  1-0

[Event "Pyramiden Franken Cup"]
[Site "Fuerth"]
[Date "1999.08.25"]
[Round "5"]
[White "Elbilia, Jacques"]
[Black "Schlindwein, Rolf"]
[Result "1-0"]
[WhiteElo "2335"]
[BlackElo "2447"]

1.d4 d6 2.Nf3 Nf6 3.c4 g6 4.Nc3 Bg7 5.e4 O-O 6.Be2 e5 7.d5 Nbd7 8.Be3 h6
9.Nd2 Nxe4 10.Ndxe4 f5 11.O-O fxe4 12.Nxe4 Rf4 13.f3 b6 14.g3 Rf7 15.b4 Nf6
16.Bd3 Nh5 17.Rc1 a5 18.c5 axb4 19.cxd6 cxd6 20.Rc6 Bh3 21.Nxd6 Rf6 22.Nb5 e4
23.Bxe4 Bxf1 24.Qxf1 Rxa2 25.Qc4 Ra1+ 26.Kg2 Kh7 27.d6 Rf8 28.Bxg6+ Kxg6
29.Qe4+ Kf7 30.Rc7+ Kg8 31.Qd5+ Kh8 32.Qxh5 Ra2+ 33.Kh3 Qf6 34.Rxg7 Qxg7
35.Bd4 Rf6 36.Qe5 Qd7+ 37.g4 Kg8 38.Qxf6 Qb7 39.Qh8+ Kf7 40.Qg7+  1-0

[Event "London MSO Masters"]
[Site "London"]
[Date "1999.08.25"]
[Round "5"]
[White "Rahman, Ziaur"]
[Black "Lalic, Bogdan"]
[Result "1/2-1/2"]
[WhiteElo "2461"]
[BlackElo "2550"]

1.c4 g6 2.e4 Bg7 3.d4 d6 4.Nc3 Nf6 5.Nf3 O-O 6.Be2 e5 7.O-O c6 8.d5 Na6 9.Nd2 Bd7
10.b3 Qb8 11.Bb2 Rc8  1/2-1/2

[Event "Rubinstein Mem 36th"]
[Site "Polanica Zdroj"]
[Date "1999.08.25"]
[Round "8"]
[White "Bunzmann, Dimitrij"]
[Black "Kempinski, Robert"]
[Result "0-1"]
[WhiteElo "2596"]
[BlackElo "2549"]

1.d4 Nf6 2.c4 g6 3.Nc3 Bg7 4.e4 d6 5.Nf3 O-O 6.Be2 e5 7.O-O Qe8 8.dxe5 dxe5
9.Be3 Na6 10.Nd2 Nd7 11.a3 Nac5 12.Nb5 Ne6 13.Nxa7 f5 14.f3 Rxa7 15.Bxa7 b6
16.a4 Qe7 17.a5 Bh6 18.Nb3 Bf4 19.Qe1 Bb7 20.axb6 cxb6 21.Bd3 Qg5 22.Kh1 Qh5
23.g3 Ng5 24.gxf4 Nxf3 25.Qg3 fxe4 26.Be2 Rxf4 27.h3 Nf6 28.Rf2 Rg4 29.Bxf3 exf3
30.Qh2 Rh4 31.Rd1 Rxh3 32.Rd8+ Kg7 33.Ra8 Bc6  0-1

[Event "Polanica Zdroj op"]
[Site "Polanica Zdroj"]
[Date "1999.08.25"]
[Round "10"]
[White "Krivoshey, Sergei"]
[Black "Kernazhitsky, Leonid"]
[Result "0-1"]
[WhiteElo "2454"]
[BlackElo "2438"]

1.d4 Nf6 2.c4 g6 3.Nc3 Bg7 4.Nf3 d6 5.e4 O-O 6.Be2 e5 7.O-O exd4 8.Nxd4 Re8
9.f3 Nc6 10.Be3 Nh5 11.f4 Nf6 12.Nxc6 bxc6 13.Bf3 Nxe4 14.Bxe4 d5 15.Bf3 Rxe3
16.cxd5 Ba6 17.Rf2 Bxc3 18.bxc3 cxd5 19.Bxd5 Rd3 20.Qa4 Qxd5 21.Qxa6 Rxc3
22.Qf6 Qc5 23.Rf1 Re8 24.f5 Rc1 25.Rxc1 Qxc1+ 26.Rf1 Qc5+ 27.Kh1 Qe5 28.Qa6 Qe2
29.Qxe2 Rxe2 30.Ra1 gxf5 31.Kg1 Rc2 32.a4 a5 33.Kf1 Kg7  0-1

[Event "ESP-ch"]
[Site "Palencia"]
[Date "1999.08.26"]
[Round "8"]
[White "Olaizola Ortega, Luis"]
[Black "Larios Crespo, Manuel"]
[Result "1-0"]
[WhiteElo "2276"]
[BlackElo "2149"]

1.d4 Nf6 2.Nf3 g6 3.c4 Bg7 4.Nc3 O-O 5.e4 d6 6.Be2 e5 7.dxe5 dxe5 8.Qxd8 Rxd8
9.Bg5 Re8 10.Nd5 Nxd5 11.cxd5 c6 12.Bc4 cxd5 13.Bxd5 Nd7 14.Rc1 Nf6 15.Bxf6 Bxf6
16.O-O Re7 17.Rc3 Bg4 18.Rfc1 Bxf3 19.Rxf3 Kg7 20.Rfc3 Rd8 21.R1c2 Rd6 22.g3 h5
23.h4 Rdd7 24.Rc8 Kh7 25.Kg2 Kg7 26.a4 Kh7 27.b4 Kg7 28.b5 Kh7 29.a5 Kg7
30.Kh3 g5 31.f3 gxh4 32.gxh4 Kh7 33.Rb8 Rc7 34.Rxc7 Rxc7 35.Rxb7 Rxb7 36.Bxb7 Bd8
37.b6 Bxb6 38.axb6 axb6 39.Bd5 Kg6 40.Bc6 f5 41.Be8+ Kf6 42.Bxh5 b5 43.Be8 b4
44.Ba4 fxe4 45.fxe4  1-0

[Event "Pyramiden Franken Cup"]
[Site "Fuerth"]
[Date "1999.08.27"]
[Round "7"]
[White "Handke, Florian"]
[Black "Schunk, Eduard"]
[Result "1-0"]
[WhiteElo "2361"]
[BlackElo "2260"]

1.d4 Nf6 2.c4 g6 3.Nc3 Bg7 4.e4 d6 5.Nf3 O-O 6.Be2 e5 7.O-O exd4 8.Nxd4 Re8
9.f3 Nh5 10.Be3 f5 11.Qd2 f4 12.Bf2 Be5 13.Nb3 Qf6 14.c5 dxc5 15.Nxc5 c6
16.Rfd1 b6 17.Nd3 Bc7 18.e5 Qe7 19.Nxf4 Nxf4 20.Qxf4 Bxe5 21.Bc4+ Kh8 22.Re1 Nd7
23.Rad1 Bb7 24.Qf7 Qxf7 25.Bxf7 Red8 26.Be6 Bxc3 27.bxc3 Nf6 28.Bb3 Rxd1
29.Rxd1 Nd5 30.c4 Nf6 31.Rd6 Kg7 32.Bd4 Rf8 33.c5 Ba8 34.cxb6 axb6 35.Bxb6 Nd5
36.Bd4+ Kh6 37.Rd7 Rc8 38.Kf2 Nb4 39.h4 Nd5 40.g4 Rc7 41.Bg7+  1-0

[Event "Abu Dhabi Masters op"]
[Site "Abu Dhabi"]
[Date "1999.08.28"]
[Round "7"]
[White "Othman, Rabeea"]
[Black "Somev, Abdo"]
[Result "1-0"]
[WhiteElo "2095"]
[BlackElo "2140"]

1.d4 g6 2.c4 Bg7 3.Nc3 d6 4.e4 Nf6 5.Nf3 O-O 6.Be2 e5 7.dxe5 dxe5 8.Qxd8 Rxd8
9.Bg5 c6 10.Nxe5 Re8 11.O-O-O Nxe4 12.Nxe4 Bxe5 13.Bf3 Be6 14.Rhe1 Nd7 15.Nd6 Bxd6
16.Rxd6 Nb6 17.b3 Nc8 18.Rd2 Ne7 19.Bf6 Nf5 20.g4 Ng7 21.Red1 Rac8 22.h4 h6
23.Be2 Kh7 24.f4 Rg8 25.h5 Rcf8 26.Rh1 Bc8 27.Bd1 Ne6 28.g5 Nxf4 29.hxg6+ Rxg6
30.Bc2 h5 31.Rh4 Bg4 32.Rdh2 Kg8 33.Rxg4 Rxf6 34.Rgh4 Rg6 35.Rxf4 Rxg5 36.Rf5 Rxf5
37.Bxf5 Kg7 38.Rxh5 Kf6 39.Bd3 Rg8 40.Kb2 Rg2+ 41.Ka3 Rd2 42.Bh7 Rf2 43.b4 Rf4
44.Rc5 Ke6 45.b5 Kd6 46.bxc6 bxc6 47.Rf5 Rxc4 48.Rxf7 a5 49.Ra7 Rc5 50.Ka4 Rh5
51.Bc2 Rh2 52.Bb3 Rh4+ 53.Kxa5 c5 54.Ra6+ Ke5 55.Kb5  1-0

[Event "JUG-chT playoff"]
[Site "Vrnjacka Banja"]
[Date "1999.09.01"]
[Round "4"]
[White "Nikcevic, Nebojsa"]
[Black "Damljanovic, Branko"]
[Result "1/2-1/2"]
[WhiteElo "2466"]
[BlackElo "2554"]

1.d4 Nf6 2.c4 g6 3.Nc3 Bg7 4.e4 d6 5.Nf3 O-O 6.Be2 e5 7.O-O c6 8.Re1 Na6
9.Bf1 Bg4 10.d5 Qe7 11.a3 cxd5 12.cxd5 Nc5 13.Rb1 Rfc8 14.h3 Bxf3 15.Qxf3 Nb3
16.Bg5 h6 17.Be3 Nd7 18.Qd1 Nd4 19.Nb5 Nxb5 20.Bxb5 a6 21.Bd3 h5 22.Rc1 Rxc1
23.Qxc1 Nc5 24.Bc2 Rc8 25.Qd2 Bf6 26.a4 Nd7 27.a5 Nf8 28.Bd3 Qd8 29.b4 Nh7
30.Rc1 Rxc1+ 31.Qxc1 Bg5 32.Bxg5 Nxg5 33.Kf1 Nh7 34.Ke2 Kg7 35.Qe3 Nf6 36.Kd2 Nd7
37.Be2 Qc7 38.Qc3 Qd8 39.Qe3 Qc7 40.h4 Qd8 41.g3 Qc7 42.Qc3  1/2-1/2

[Event "Coulsden op"]
[Site "Coulsden"]
[Date "1999.09.04"]
[Round "7"]
[White "Webster, Andrew"]
[Black "Huberty, Marc"]
[Result "1-0"]
[WhiteElo "2427"]
[BlackElo "2220"]

1.d4 Nf6 2.Nf3 g6 3.c4 Bg7 4.Nc3 O-O 5.e4 d6 6.Be2 e5 7.Bg5 h6 8.Bh4 Qe8
9.Qc2 Na6 10.O-O-O exd4 11.Nxd4 Nc5 12.f3 a6 13.Rhe1 Nh5 14.Nd5 g5 15.Bf2 Qd8
16.g3 Nf6 17.Ne3 b5 18.Ndf5 Ne8 19.h4 Be6 20.hxg5 hxg5 21.Rh1 Rb8 22.e5 Bxe5
23.Ne7+ Kg7 24.Rh7+ Kf6 25.N7d5+ Bxd5 26.Qf5+ Ke7 27.Nxd5+  1-0

[Event "Coulsden op"]
[Site "Coulsden"]
[Date "1999.09.04"]
[Round "7"]
[White "Summerscale, Aaron"]
[Black "Buckley, Graeme"]
[Result "1/2-1/2"]
[WhiteElo "2423"]
[BlackElo "2320"]

1.d4 Nf6 2.Nf3 g6 3.c4 Bg7 4.Nc3 d6 5.e4 O-O 6.Be2 e5 7.O-O Nbd7 8.Be3 Qe7
9.Qc2 c6 10.Rad1 exd4 11.Bxd4 Re8 12.Nd2 Ne5 13.h3 c5 14.Be3 Nc6 15.Bd3 Be6
16.Nf3 Nd7 17.Bg5 Nd4 18.Bxe7 Nxc2 19.Bxd6 Nb4 20.Nd5 Bxd5 21.cxd5 Nxd3 22.Rxd3 Rxe4
23.b3 b5 24.Rc1 Rc8 25.Nd2 Ree8 26.Kf1 f5 27.Rc2 Kf7 28.f4 Bf8 29.Bxf8 Kxf8
30.Nf3 h6 31.g3 Kf7 32.Rdc3 Rcd8 33.Rd3 Kf6 34.Kf2 g5 35.Ne5 Nxe5 36.fxe5+ Kxe5
37.Rxc5 Rc8 38.Rdc3 Rxc5 39.Rxc5 b4 40.d6+ Ke6 41.d7 Rd8 42.Rc6+ Kd5 43.Rc7 Kd6
44.Rxa7 Rxd7 45.Ra6+ Ke5 46.Rxh6 Rd2+ 47.Kf3 Rd3+ 48.Kf2 Rd2+ 49.Kf3 Rxa2
50.Rb6 Rh2 51.Rxb4 Rxh3 52.Rb5+ Ke6 53.Rb6+  1/2-1/2

[Event "Budapest FS09 IM-B"]
[Site "Budapest"]
[Date "1999.09.09"]
[Round "6"]
[White "Grimm, Sascha"]
[Black "Wolter, Kai"]
[Result "0-1"]
[WhiteElo "2337"]
[BlackElo "2344"]

1.Nf3 Nf6 2.c4 g6 3.Nc3 Bg7 4.d4 O-O 5.e4 d6 6.Be2 e5 7.O-O Na6 8.Re1 c6
9.Bf1 exd4 10.Nxd4 Ng4 11.h3 Qb6 12.hxg4 Qxd4 13.g5 Nc5 14.Bf4 Qxd1 15.Raxd1 Be5
16.g3 b6 17.Rxd6 Bxd6 18.Bxd6 Rd8 19.e5 Bf5 20.Bg2 Rac8 21.b4 Nb7 22.c5 bxc5
23.bxc5 Na5 24.Ne4 Nc4 25.Nf6+ Kg7 26.Rc1 Be6 27.Rc3 h6 28.gxh6+ Kxh6 29.g4 Kg7
30.g5 Rh8 31.Bf1 Rh4 32.Bg2 a5 33.Ne4 Bd5 34.Be7 Rb8 35.Bf6+ Kf8 36.f3 Rb2
37.Bf1 Rb1 38.Kf2 Bxe4 39.Bxc4 Bf5 40.Kg3 Rh3+ 41.Kf4 a4 42.e6 fxe6 43.Ke5 Rd1
44.Ra3 Bc2 45.Kxe6 Rh4 46.Rc3 Bf5+ 47.Ke5 Ke8 48.Bg8 Kd7 49.Bg7 Rhd4 50.Re3 R4d3
51.Kf4 Rxe3 52.Kxe3 Be6 53.Bh7 Bf7 54.f4 Ke6  0-1

[Event "Albacete m"]
[Site "Albacete"]
[Date "1999.09.10"]
[Round "3"]
[White "Illescas Cordoba, Miguel"]
[Black "Herraiz, Herminio"]
[Result "1/2-1/2"]
[WhiteElo "2600"]
[BlackElo "2417"]

1.d4 Nf6 2.c4 g6 3.Nc3 Bg7 4.e4 d6 5.Nf3 O-O 6.Be2 e5 7.O-O Na6 8.Re1 c6
9.Rb1 exd4 10.Nxd4 Re8 11.Bf1 Ng4 12.h3 Qb6 13.hxg4 Qxd4 14.Qf3 Qe5 15.Bf4 Qe7
16.g5 Nc5 17.Qg3 Be5 18.Bxe5 dxe5 19.b4 Ne6 20.Qxe5 Qxg5 21.Qxg5 Nxg5 22.Rbd1 f6
23.f3 Be6 24.e5 fxe5 25.Rxe5 Nf7 26.Ree1 Kf8 27.a3 Rad8 28.Rxd8 Nxd8 29.Kf2 Re7
30.Ne4 Nf7 31.Nc5 Bc8 32.Rd1 b6 33.Ne4 Bf5 34.Nc3 Rd7 35.Rxd7 Bxd7 36.Ne4 Ke7
37.c5 b5 38.f4 Be6 39.Be2 Bd5 40.Nc3 Be6 41.Bf3 Bd7 42.Ne4 h6 43.Ke3 Nd8
44.Nf2 Nf7 45.Ne4 Nd8 46.Kd4 Nf7 47.g3 Be6 48.Nf2 Bd7 49.Ng4 Bxg4 50.Bxg4 Kf6
51.Bf3 Nd8 52.Be4 Ne6+ 53.Kc3 Nd8 54.a4 bxa4 55.Kb2 g5 56.Ka3 h5 57.fxg5+ Kxg5
58.Kxa4 Kg4 59.Bg6 Kxg3 60.Bxh5 Kf4 61.Be8 Ke5 62.Bd7 Kd4 63.Ka5 Nb7+ 64.Ka6 Nxc5+
65.bxc5 Kxc5  1/2-1/2